000 00469nam a2200181Ia 4500
008 100917s9999 xx 000 0 und d
082 _b63159
100 _aमंगेशकर गीता
245 _aभूषण
260 _bप्रिया प्रकाशन
_c1983
300 _a191
365 _b36
520 _aकादंबरी
630 _aभूषण
650 _aकादंबरी
730 _aभूषण
942 _cBOOK
999 _c668553
_d668550